Methods for the determination of total sulphur in soils, and a proposed wet oxidation procedure using nitric, perchloric and phosphoric acids (Record no. 45326)

MARC details
000 -LEADER
fixed length control field 00446nam a2200133Ia 4500
100 ## - MAIN ENTRY--AUTHOR NAME
Personal name Metson A J
245 #0 - TITLE STATEMENT
Title Methods for the determination of total sulphur in soils, and a proposed wet oxidation procedure using nitric, perchloric and phosphoric acids
260 ## - PUBLICATION, DISTRIBUTION, ETC. (IMPRINT)
Name of publisher New Zealand Journal of Science
Year of publication 1976
300 ## - PHYSICAL DESCRIPTION
Number of Pages 223-235
650 ## - SUBJECT ADDED ENTRY--TOPICAL TERM
Topical Term Wet oxidation
700 ## - ADDED ENTRY--PERSONAL NAME
Personal name Collie T W
942 ## - ADDED ENTRY ELEMENTS (KOHA)
Koha item type Reprints
Holdings
Withdrawn status Lost status Damaged status Not for loan Home library Current library Shelving location Date acquired Serial Enumeration / chronology Accession Number Koha item type
      Reprints RRII Library RRII Library Agronomy 22/12/2021 Volume 19, Issue P00077 Reprints